Comentario a "Veintiún poemas" [de] Ventura Doreste / (Record no. 168919)
[ view plain ]
| 000 -LEADER | |
|---|---|
| campo de control de longitud fija | 00745nam a22002175i 4500 |
| 001 - NÚMERO DE CONTROL | |
| campo de control | 168919 |
| 003 - IDENTIFICADOR DE NÚMERO DE CONTROL | |
| campo de control | ES-MaACL |
| 005 - FECHA Y HORA DE LA ÚLTIMA TRANSACCIÓN | |
| campo de control | 20230906213928.0 |
| 008 - DATOS DE LONGITUD FIJA--INFORMACIÓN GENERAL | |
| campo de control de longitud fija | 080625s1987 sp |||| | spa d |
| 020 ## - NÚMERO INTERNACIONAL ESTÁNDAR DEL LIBRO | |
| Número Internacional Estándar del Libro | 84-398-9288-8 |
| 080 ## - NÚMERO DE LA CLASIFICACIÓN DECIMAL UNIVERSAL | |
| Número de la Clasificación Decimal Universal | 821.134.2 Doreste, Ventura 7 Veintiún poemas |
| 100 1# - ENTRADA PRINCIPAL--NOMBRE DE PERSONA | |
| Nombre de persona | Nuez, Sebastián de la. |
| 9 (RLIN) | 86128 |
| 245 10 - MENCIÓN DEL TÍTULO | |
| Título | Comentario a "Veintiún poemas" [de] Ventura Doreste / |
| Mención de responsabilidad, etc. | Sebastián de la Nuez. |
| 260 ## - PUBLICACIÓN, DISTRIBUCIÓN, ETC. | |
| Lugar de publicación, distribución, etc. | Las Palmas de Gran Canaria : |
| Nombre del editor, distribuidor, etc. | Alegranza, |
| Fecha de publicación, distribución, etc. | [1987] |
| 300 ## - DESCRIPCIÓN FÍSICA | |
| Extensión | 18 p. ; |
| Dimensiones | 20 cm. |
| 490 1# - MENCIÓN DE SERIE | |
| Mención de serie | Alegranza viva ; |
| Designación de volumen o secuencia | 5 |
| 600 14 - PUNTO DE ACCESO ADICIONAL DE MATERIA--NOMBRE DE PERSONA | |
| Nombre de persona | Doreste, Ventura- |
| Subdivisión general | Crítica e interpretación. |
| 9 (RLIN) | 138047 |
| 830 0# - PUNTO DE ACCESO ADICIONAL DE SERIE-TÍTULO UNIFORME | |
| Título uniforme | Alegranza viva ; |
| Designación de volumen o secuencia | 5 |
| 9 (RLIN) | 188826 |
| 852 ## - LOCALIZACIÓN | |
| Ubicación | ES-MaACL |
| Número de control de estantería | 2203-F-28 |
| itemnumber | R.116085 |
| Estatus retirado | Estado de pérdida | Estado de daño | No para préstamo | Colección | Biblioteca de origen | Biblioteca actual | Ubicación en estantería | Fecha de adquisición | Fuente de adquisición | Total de préstamos | Signatura topográfica completa | Código de barras | Visto por última vez | Precio de reemplazo | Tipo de ítem Koha |
|---|---|---|---|---|---|---|---|---|---|---|---|---|---|---|---|
| Colección de folletos | Biblioteca del Ateneo de Madrid | Biblioteca del Ateneo de Madrid | Depósito folletos | 25/06/2008 | 2203-F-28 | 1177275 | 23/02/2023 | 23/02/2023 | Folleto |
